Assessment in the classroom : (Record no. 86361)

MARC details
000 -CABECERA
campo de control de longitud fija 00599nam a22002053a 4500
005 - FECHA Y HORA DE LA ÚLTIMA TRANSACCIÓN
campo de control 20230328063541.0
008 - ELEMENTOS DE LONGITUD FIJA--INFORMACIÓN GENERAL
campo de control de longitud fija 011002s2000 ea r 000 0 eng d
020 ## - NÚMERO INTERNACIONAL NORMALIZADO PARA LIBROS
Número Internacional Estándar del Libro 0072289538
035 ## - NÚMERO DE CONTROL DEL SISTEMA
Número de control de sistema UPN01000112453
049 ## - COLECCIÓN
Colección CG
050 #4 - SIGNATURA TOPOGRÁFICA DE LA BIBLIOTECA DEL CONGRESO
Número de clasificación LB3051
Número de documento/Ítem A4.2 2000
100 1# - ASIENTO PRINCIPAL--NOMBRE PERSONAL
Nombre de persona Airasian, Peter W.
245 10 - MENCIÓN DE TÍTULO
Título Assessment in the classroom :
Resto del título a concise approach /
Mención de responsabilidad, etc. Peter W. Airasian.
250 ## - MENCIÓN DE EDICIÓN
Mención de edición 2a ed.
260 ## - PUBLICACIÓN, DISTRIBUCIÓN, ETC.
Lugar de publicación, distribución, etc. Boston, E.U.A. :
Nombre del editor, distribuidor, etc. McGraw-Hill,
Fecha de publicación, distribución, etc. 2000.
300 ## - DESCRIPCIÓN FÍSICA
Extensión 305 p. :
Otras características físicas il.
650 #4 - ASIENTO SECUNDARIO DE MATERIA - TERMINO TEMATICO
Término de materia o nombre geográfico como elemento de entrada MEDICIONES Y PRUEBAS EDUCATIVAS -
Subdivisión geográfica ESTADOS UNIDOS
650 #2 - ASIENTO SECUNDARIO DE MATERIA - TERMINO TEMATICO
Término de materia o nombre geográfico como elemento de entrada Exámenes
9 (RLIN) 17034
905 ## - TIPO DE MATERIAL
Tipo de material Libro
Holdings
Estado de retiro Estado de pérdida Fuente del sistema de clasificación o colocación Estado dañado No para préstamo Código de colección Localización permanente Ubicación/localización actual Ubicación en estantería Total de préstamos Clasificación Código de barras Fecha visto por última vez Número de copia Tipo de ítem Koha
    Library of Congress Classification     Colección General Bib. Gregorio Torres Quintero Bib. Gregorio Torres Quintero Planta baja   LB3051 A4.2 2000 202141 31/12/2020 1 Libro
    Library of Congress Classification     Colección General Bib. Gregorio Torres Quintero Bib. Gregorio Torres Quintero Planta baja 5 LB3051 A4.2 2000 176416 31/12/2020 1 Libro
    Library of Congress Classification     Colección General Bib. Gregorio Torres Quintero Bib. Gregorio Torres Quintero Planta baja 1 LB3051 A4.2 2000 202142 31/12/2020 1 Libro